Communication between culture

Tallennettuna:
Bibliografiset tiedot
Päätekijä: Samovar, Larry A.
Aineistotyyppi: Kirja
Kieli:Undetermined
Julkaistu: Belmont, CA, USA Thompson/Wadsworth 2007
Aiheet:
Tagit: Lisää tagi
Ei tageja, Lisää ensimmäinen tagi!
Thư viện lưu trữ: Trung tâm Học liệu Trường Đại học Cần Thơ
LEADER 00587nam a2200193Ia 4500
001 CTU_127645
008 210402s9999 xx 000 0 und d
020 |c 1039000 
082 |a 303.482 
082 |b S191 
100 |a Samovar, Larry A. 
245 0 |a Communication between culture 
245 0 |c Larry A. Samovar, Richard E. Porter, Erwin R. McDaniel 
260 |a Belmont, CA, USA 
260 |b Thompson/Wadsworth 
260 |c 2007 
650 |a Intercultural communication.,Communication and culture. 
904 |i Minh 
980 |a Trung tâm Học liệu Trường Đại học Cần Thơ